000 00606nam a2200205Ia 4500
003 OSt
005 20230327092937.0
008 210423s2007 xx 000 0 und d
020 _a230525113
040 _cAL
041 _aeng
082 _a809.93592 DYSA
100 _aDYSON (AE).
_978042
245 _aJane Austen:sense and sensibility pride and prejudice and mansfield park.
260 _aNew Delhi
_bOxford University Press
_c2007
300 _a254
_bPB
365 _b195
_cINR
906 _aAusten. ; Austen:sense ; Jane ; mansfield ; park. ; prejudice ; pride ; sensibility
942 _2ddc
_cBK
999 _c156016
_d156016